000 00832cam a22002773a 4500
001 24563
003 PGUSA
005 20140828083527.0
008 080209s2008||||xxu|||||s|||||000 | eng d
040 _aPGUSA
_beng
042 _adc
050 4 _aPQ
050 4 _aPN
050 4 _aCT
245 1 4 _aThe Best of the World's Classics, Restricted to Prose, Vol. VII (of X)—Continental Europe I
_h[electronic resource]
260 _bProject Gutenberg,
_c2008
506 _aPublic domain in the USA.
516 _aElectronic text
653 _aAuthors -- Biography
653 _aLiterature -- Collections
700 1 _aLodge, Henry Cabot,
_d1850-1924
700 1 _aHalsey, Francis W.
_q(Francis Whiting),
_d1851-1919
830 0 _aProject Gutenberg
_v24563
856 4 0 _uhttp://www.gutenberg.org/ebooks/24563
942 _cEB
999 _c253818
_d253818